LDR 00535naa#a2200181#i#450# 001 EN\\bibl\121199 005 20260513080803.3 011 ## _a2409-1073 100 ## _a20141121b2014####ek#y0engy0150####ca 101 0# _aRUS 102 ## _aRU 200 1# _aTo the Question of Career Notion in Historical Perspective _eJournal article 210 1# _aMoscow _cNational Research University of Electronic Technology _d2014 215 ## _a6 с. 608 ## _aJournal article _2local 675 ## _a. 331.1(091) _zRUS 700 #1 _aKolpakova _gS P 856 4# _aesgi-journal.ru _u